Η οικογένεια
Saved in:
| Other Authors: | , , |
|---|---|
| Format: | Book |
| Language: | Greek |
| Published: |
Αθήνα :
Εθνικό και Καποδιστριακό Πανεπιστήμιο Αθηνών,
[2006]
|
| Series: | Σχέδιο Εργασίας ;
; 2 |
| Subjects: | |
| Tags: |
Add Tag
No Tags, Be the first to tag this record!
|
MARC
| LEADER | 00000cam a2200000 i 4500 | ||
|---|---|---|---|
| 001 | 1/44671 | ||
| 008 | 070521s2006 gre d | ||
| 020 | |a 960-8313-34-1 | ||
| 035 | |l 10087917 | ||
| 040 | |a GR-MY-UA |b gre |e aacr | ||
| 041 | 0 | |a gre | |
| 082 | 0 | |a 371.36 |2 (22) | |
| 245 | 1 | 2 | |a Η οικογένεια / |c Κασιαρού Ευανθία, Παπαγιαννη Παρασκευή, Παπαδακη Σταυρούλα...[και ά.] |
| 260 | |a Αθήνα : |b Εθνικό και Καποδιστριακό Πανεπιστήμιο Αθηνών, |c [2006] | ||
| 300 | |a 132 σ.; |c 24 εκ. | ||
| 490 | 1 | |a Σχέδιο Εργασίας |v ; 2 | |
| 650 | 0 | 0 | |a Education, Preschool |x Activity programs. |
| 650 | 0 | 0 | |a Education, Primary |x Case studies. |
| 650 | 0 | 0 | |a Families. |
| 700 | 1 | |a Κασιαρού, Ευανθία. |4 edt | |
| 700 | 1 | |a Παπαδάκη, Σταυρούλα. |4 edt | |
| 700 | 1 | |4 edt |a Παπαγιάννη, Βούλα. | |
| 830 | 0 | |a Σχέδιο Εργασίας ; |v ; 2 | |
| 852 | |a INST |b RHODES |e 20070521 |h 371.36 ΟΙΚ |p 005400026529 |q 005400026529 |t BK |y 0 | ||
| 852 | |a INST |b RHODES |e 20070521 |h 371.36 ΟΙΚ |p 005400026530 |q 005400026530 |t BK |y 0 | ||
| 901 | |a BIBL4-2007-2 | ||
| 909 | |a Ρ |b 127906 | ||
| 970 | |a ΜΙΣΣΟΣ |b ΣΤΑΥΡΟΣ |z 2007/05/21 | ||